[Event "Mondiale Lampo FIDE 2019"]
[Site "Mosca"]
[Date "29.12.2019"]
[Round "10.54"]
[White "Adhiban, Baskaran"]
[Black "Deviatkin, Andrei"]
[Result "1-0"]
[WhiteTitle "GM"]
[BlackTitle "GM"]
[WhiteElo "2654"]
[BlackElo "2436"]
[WhiteFideId "5018471"]
[BlackFideId "4121260"]
[EventDate "2019.12.29"]

1. Nf3 b6 2. e4 Bb7 3. Nc3 Nf6 4. e5 Nd5 5. Bc4 e6 6. d4 Nxc3 7. bxc3 d5 8. Bd3
h6 9. O-O Ba6 10. a4 Bxd3 11. cxd3 a5 12. Ne1 h5 13. f4 g6 14. Ba3 Bxa3 15. Rxa3
Nc6 16. Nc2 Ne7 17. Rb3 Nf5 18. c4 Qd7 19. Rb5 dxc4 20. dxc4 Rd8 21. d5 c6 22.
Rxb6 cxd5 23. c5 Qxa4 24. c6 O-O 25. Kh1 Rc8 26. Na1 Qxd1 27. Rxd1 Ne3 28. Rc1
Nc4 29. Ra6 Ra8 30. Rxa8 Rxa8 31. Nb3 a4 32. Nd4 Rc8 33. Kg1 Kf8 34. Kf2 Ke7 35.
Rb1 Na5 36. Rb6 Rc7 37. Ra6 Nb3 38. Nb5 Nc5 39. Nxc7 Nxa6 40. Nxa6 a3 41. Nb4
Kd8 42. Ke3 Kc7 43. Kd4 a2 44. Nxa2 Kxc6 45. Nb4+ Kd7 46. Kc5 Kc7 47. h4 Kd7 48.
Nc2 Kc7 49. Nd4 Kd7 50. Kb6 Ke7 51. Kc7 f6 52. g3 1-0

[Event "Mondiale Lampo FIDE 2019"]
[Site "Mosca"]
[Date "29.12.2019"]
[Round "10.55"]
[White "Carlsson, Pontus"]
[Black "Ivanisevic, Ivan"]
[Result "1/2-1/2"]
[WhiteTitle "GM"]
[BlackTitle "GM"]
[WhiteElo "2456"]
[BlackElo "2593"]
[WhiteFideId "1705814"]
[BlackFideId "912417"]
[EventDate "2019.12.29"]

1. e4 c6 2. d3 d5 3. Nd2 e5 4. Ngf3 Bd6 5. d4 exd4 6. exd5 Nf6 7. dxc6 Nxc6 8.
Be2 O-O 9. O-O Bc5 10. Nb3 Bb6 11. Bg5 h6 12. Bh4 g5 13. Bg3 Re8 14. Bb5 Ne4 15.
Bxc6 bxc6 16. Nfxd4 Qf6 17. c3 Ba6 18. Re1 c5 19. Nc2 Qg6 20. Ne3 h5 21. h4 g4
22. Qd5 Rad8 23. Qf5 Nxg3 24. fxg3 Rd3 25. Qxg6+ fxg6 26. Nc2 Red8 27. Kh2 Bc8
28. Re3 Bf5 29. Rxd3 Rxd3 30. Re1 a5 31. Ne3 a4 32. Nxf5 gxf5 33. Nc1 Rd2 34.
Re6 Bc7 35. Rc6 Bd6 36. Ne2 c4 37. Nf4 Bxf4 38. gxf4 Rxb2 39. a3 Rb3 40. Rxc4
Rxa3 41. Rc5 Kg7 42. Rxf5 Rxc3 43. Rxh5 Kf6 44. Ra5 a3 45. h5 Kg7 46. Ra6 Kh7
47. Rb6 a2 48. Ra6 Rc2 49. Kg3 Rb2 50. Kxg4 Rxg2+ 51. Kf5 Kg7 52. h6+ Kh7 53.
Ke4 Rh2 54. Kf5 Rf2 55. Kg4 Rg2+ 56. Kf3 Rh2 57. Kg4 Rg2+ 58. Kf5 Rh2 59. Ke5
Re2+ 60. Kd4 Rh2 61. f5 Rd2+ 62. Ke5 Re2+ 63. Kf4 Rf2+ 64. Kg4 Rg2+ 65. Kf3 Rh2
66. Kg3 Rb2 67. Kf4 Rf2+ 68. Ke5 Re2+ 69. Kd4 Rf2 70. Ke4 Re2+ 1/2-1/2

[Event "Mondiale Lampo FIDE 2019"]
[Site "Mosca"]
[Date "29.12.2019"]
[Round "10.56"]
[White "Xu, Xiangyu"]
[Black "Sasikiran, Krishnan"]
[Result "0-1"]
[WhiteTitle "GM"]
[BlackTitle "GM"]
[WhiteElo "2582"]
[BlackElo "2656"]
[WhiteFideId "8608288"]
[BlackFideId "5004985"]
[EventDate "2019.12.29"]

1. e4 c5 2. Nc3 d6 3. d4 cxd4 4. Qxd4 Nc6 5. Qd2 g6 6. b3 Bh6 7. f4 f5 8. Bb2
Nf6 9. exf5 Bxf5 10. Nf3 Rf8 11. g3 Qa5 12. O-O-O O-O-O 13. Kb1 e5 14. a3 exf4
15. Nd4 Nxd4 16. Qxd4 f3 17. Nb5 Kb8 18. Nxd6 Qc7 19. Bc4 Ne4 20. Nxf5 Rxd4 21.
Nxd4 Nd2+ 22. Rxd2 Bxd2 23. Ne6 Qd6 24. Nxf8 Qxf8 25. Rf1 f2 26. Be5+ Ka8 27.
Bd4 Be1 28. Ka2 Qf3 29. a4 Qg2 30. Kb2 Kb8 31. Be5+ Kc8 32. h4 a6 33. Kc1 Kd7
34. Bf4 Qe4 35. Bd3 Qd4 36. Kd1 Ke6 37. Ke2 h5 38. Be3 Qg4# 0-1

[Event "Mondiale Lampo FIDE 2019"]
[Site "Mosca"]
[Date "29.12.2019"]
[Round "10.57"]
[White "Rychagov, Andrey"]
[Black "Perunovic, Milos"]
[Result "0-1"]
[WhiteTitle "GM"]
[BlackTitle "GM"]
[WhiteElo "2545"]
[BlackElo "2589"]
[WhiteFideId "4119932"]
[BlackFideId "921629"]
[EventDate "2019.12.29"]

1. d4 Nf6 2. c4 c5 3. d5 b5 4. cxb5 a6 5. bxa6 g6 6. Nc3 Bxa6 7. e4 Bxf1 8. Kxf1
d6 9. Nf3 Bg7 10. g3 O-O 11. Kg2 Na6 12. Re1 Nd7 13. Re2 Qb6 14. Bg5 h6 15. Be3
Nc7 16. Rc1 Kh7 17. b3 f5 18. Nd2 Qb7 19. f3 fxe4 20. Ndxe4 Rf5 21. g4 Rf7 22.
Qd2 Raf8 23. Rf1 Nb6 24. h4 Nbxd5 25. Nxd5 Nxd5 26. h5 g5 27. Qd3 Kh8 28. Bc1
Be5 29. Kg1 Bd4+ 30. Kh2 Nf4 31. Bxf4 Rxf4 32. Nd2 e5 33. Nc4 Qc7 34. Kg2 d5 35.
Ne3 e4 36. fxe4 Bxe3 37. Rxf4 Qxf4 38. Qxe3 Qxg4+ 39. Kh2 Rf3 0-1

[Event "Mondiale Lampo FIDE 2019"]
[Site "Mosca"]
[Date "29.12.2019"]
[Round "10.58"]
[White "Popov, Ivan RUS"]
[Black "Xu, Yinglun"]
[Result "0-1"]
[WhiteTitle "GM"]
[BlackTitle "GM"]
[WhiteElo "2636"]
[BlackElo "2555"]
[WhiteFideId "4170350"]
[BlackFideId "8604940"]
[EventDate "2019.12.29"]

1. e4 e6 2. d4 d5 3. Nc3 Nf6 4. Bg5 dxe4 5. Nxe4 Nbd7 6. Nf3 Be7 7. Nxf6+ Bxf6
8. h4 h6 9. Bxf6 Nxf6 10. Bd3 c5 11. dxc5 Qa5+ 12. Qd2 Qxc5 13. O-O-O Bd7 14.
Rhe1 Bc6 15. Ne5 Rd8 16. Nxc6 bxc6 17. Qe3 Qxe3+ 18. Rxe3 Ke7 19. Be2 Rxd1+ 20.
Bxd1 Rc8 21. Ra3 Rc7 22. Bf3 c5 23. Kd2 g5 24. hxg5 hxg5 25. g3 Nd7 26. Be2 f5
27. c3 g4 28. b4 cxb4 29. cxb4 Nb6 30. Rc3 Rd7+ 31. Ke1 Nd5 32. Rc4 Kd6 33. b5
Rc7 34. Rxc7 Nxc7 35. Kd2 Kc5 36. a4 Kb4 37. Bd1 Nd5 38. Bc2 Nc3 39. Ke3 Nxa4
40. Kd4 Kxb5 41. Ke5 Nc5 42. Bd1 a5 43. f3 gxf3 44. Bxf3 Kb4 0-1

[Event "Mondiale Lampo FIDE 2019"]
[Site "Mosca"]
[Date "29.12.2019"]
[Round "10.59"]
[White "Belov, Vladimir"]
[Black "Vastrukhin, Oleg"]
[Result "0-1"]
[WhiteTitle "GM"]
[BlackTitle "IM"]
[WhiteElo "2598"]
[BlackElo "2428"]
[WhiteFideId "4132394"]
[BlackFideId "4192770"]
[EventDate "2019.12.29"]

1. d4 g6 2. e4 Bg7 3. c4 Nc6 4. d5 Nd4 5. Nc3 c5 6. Be3 e5 7. dxe6 dxe6 8. Nf3
Ne7 9. Be2 O-O 10. O-O b6 11. Nd2 Bb7 12. f3 Nec6 13. a3 Qe7 14. Rc1 Rad8 15.
Qe1 Rd7 16. f4 Nxe2+ 17. Qxe2 Rfd8 18. e5 Nd4 19. Qf2 Nf5 20. Nde4 Rd3 21. Rfe1
Bc6 22. Rcd1 Rxd1 23. Rxd1 Rxd1+ 24. Nxd1 Bxe4 25. Nc3 Bc6 26. g4 Nxe3 27. Qxe3
Qd7 28. Ne2 f6 29. exf6 Bxf6 30. f5 Bd4 31. Nxd4 Qxd4 0-1

[Event "Mondiale Lampo FIDE 2019"]
[Site "Mosca"]
[Date "29.12.2019"]
[Round "10.60"]
[White "Yuffa, Daniil"]
[Black "Tengis, Tsog-Ochir"]
[Result "1-0"]
[WhiteTitle "GM"]
[BlackTitle "FM"]
[WhiteElo "2566"]
[BlackElo "2190"]
[WhiteFideId "24131423"]
[BlackFideId "4902718"]
[EventDate "2019.12.29"]

1. d4 Nf6 2. c4 g6 3. Nc3 d5 4. cxd5 Nxd5 5. e4 Nxc3 6. bxc3 c5 7. Nf3 Bg7 8.
Be2 Nc6 9. d5 Ne5 10. O-O Nxf3+ 11. Bxf3 O-O 12. Be3 b6 13. Rc1 e5 14. c4 Qd6
15. a4 f5 16. a5 Bd7 17. Rb1 bxa5 18. Qe1 f4 19. Bc1 Qa6 20. Ba3 Rfc8 21. Qc3 a4
22. h3 Rab8 23. Bg4 Bxg4 24. hxg4 Rb6 25. Rb2 Rxb2 26. Qxb2 Qxc4 27. Qb7 Rd8 28.
Qe7 Rf8 29. Bxc5 Qxe4 30. Qe6+ Rf7 31. Be7 f3 32. d6 fxg2 33. Rc1 Bh6 34. d7 Kg7
35. d8=Q Bxc1 36. Bf6+ Kh6 37. g5+ Kh5 38. Qh3+ Qh4 39. Qxh4+ Kxh4 40. Qc8 Bxg5
41. Qc4+ 1-0

[Event "Mondiale Lampo FIDE 2019"]
[Site "Mosca"]
[Date "29.12.2019"]
[Round "10.61"]
[White "Gukesh, D"]
[Black "Hansen, Eric"]
[Result "0-1"]
[WhiteTitle "GM"]
[BlackTitle "GM"]
[WhiteElo "2547"]
[BlackElo "2606"]
[WhiteFideId "46616543"]
[BlackFideId "2606771"]
[EventDate "2019.12.29"]

1. Nf3 Nf6 2. g3 g6 3. Bg2 Bg7 4. O-O O-O 5. c4 c6 6. b3 d5 7. Bb2 Bg4 8. d4
Nbd7 9. Nbd2 a5 10. h3 Bxf3 11. Nxf3 a4 12. Qc2 e6 13. e3 a3 14. Bc3 Ne4 15. Bb4
Re8 16. Qc1 Bf8 17. c5 b6 18. Bxa3 bxc5 19. Bb2 cxd4 20. Nxd4 c5 21. Ne2 Nef6
22. Qc2 Qa5 23. Rfd1 Bg7 24. e4 d4 25. Nf4 Ne5 26. Nd3 Nxd3 27. Qxd3 Nd7 28. f4
e5 29. f5 Rec8 30. Bf1 c4 31. bxc4 Nc5 32. Qf3 Bh6 33. Kh2 Rcb8 34. Bc1 Bxc1 35.
Rdxc1 Rb2+ 36. Bg2 Rxa2 37. Rab1 Qd2 38. Rd1 Qf2 39. Qxf2 Rxf2 40. Kg1 Rc2 41.
Rb5 Rxc4 42. f6 h6 43. Rdb1 g5 44. h4 g4 45. Bf1 Rc3 46. Kh2 Ra2+ 47. Kh1 Nxe4
48. Rxe5 Nxg3+ 49. Kg1 0-1

[Event "Mondiale Lampo FIDE 2019"]
[Site "Mosca"]
[Date "29.12.2019"]
[Round "10.62"]
[White "Murzin, Volodar"]
[Black "Kezin, Roman"]
[Result "1-0"]
[WhiteTitle "IM"]
[BlackTitle "IM"]
[WhiteElo "2442"]
[BlackElo "2470"]
[WhiteFideId "44155573"]
[BlackFideId "24124621"]
[EventDate "2019.12.29"]

1. e4 c5 2. Nf3 e6 3. g3 Nc6 4. Bg2 Nf6 5. d3 Be7 6. Nbd2 d5 7. O-O b6 8. Re1
Bb7 9. c3 Qc7 10. e5 Nd7 11. Qe2 g5 12. h3 h5 13. Nf1 g4 14. hxg4 hxg4 15. N3h2
Ndxe5 16. Bf4 Bd6 17. Nxg4 Nxg4 18. Bxd6 Qxd6 19. Qxg4 O-O-O 20. a4 Rdg8 21. Qe2
Rg5 22. a5 Nxa5 23. b4 cxb4 24. cxb4 Qxb4 25. Reb1 Qd6 26. Rxa5 Kb8 27. Raa1 Rc8
28. Qa2 a6 29. Nd2 Ka7 30. Nf3 Rg4 31. Qb2 Rgg8 32. Nd4 Kb8 33. Qxb6 Qxb6 34.
Rxb6 Ka7 35. Rb3 Rc5 36. Nb5+ Ka8 37. Nd6 Rb8 38. Nxb7 Rxb7 39. Rxa6+ Kb8 40.
Rxb7+ Kxb7 41. Ra1 Rc3 42. Bf1 Kb6 43. Kg2 Rc2 44. Ra8 Kc7 45. Ra7+ 1-0

[Event "Mondiale Lampo FIDE 2019"]
[Site "Mosca"]
[Date "29.12.2019"]
[Round "10.63"]
[White "Vallejo Pons, Francisco"]
[Black "Bartel, Mateusz"]
[Result "0-1"]
[WhiteTitle "GM"]
[BlackTitle "GM"]
[WhiteElo "2704"]
[BlackElo "2634"]
[WhiteFideId "2205530"]
[BlackFideId "1112635"]
[EventDate "2019.12.29"]

1. e4 e5 2. Nf3 Nc6 3. Bb5 a6 4. Ba4 Nf6 5. d3 d6 6. c3 Bd7 7. O-O g6 8. h3 Bg7
9. Be3 O-O 10. Nbd2 Nh5 11. d4 Qe7 12. Re1 Rad8 13. a3 Kh8 14. b4 Qe8 15. Bc2
Ne7 16. Nf1 f5 17. exf5 gxf5 18. dxe5 dxe5 19. Nxe5 Bxe5 20. Bd4 Bxd4 21. Qxd4+
Ng7 22. Qc5 Be6 23. Qxc7 Rd7 24. Qb6 Nd5 25. Qd4 Qf7 26. Qe5 Ne7 27. a4 Ng6 28.
Qc5 Rc7 29. Qd4 Rfc8 30. b5 axb5 31. axb5 Rxc3 32. Bd1 R3c4 33. Qd6 Qd7 34. Qb6
Qd4 35. Qxd4 Rxd4 36. Bf3 Rd7 37. Ng3 Nh4 38. Ra7 Nxf3+ 39. gxf3 Bd5 40. f4 Kg8
41. Re5 Rc1+ 42. Kh2 Be6 43. Ra8+ Kf7 44. Rh8 Kg6 45. h4 h5 46. Nxh5 Nxh5 47.
Rxe6+ Kf7 48. Re5 Nf6 49. Rxf5 Kg7 50. Rb8 Rc2 51. Rg5+ Kf7 52. Kg2 Ne4 53. Re5
Nxf2 54. Kf3 Nd3 55. Ree8 Nc5 56. Rh8 Ke6 57. Rh6+ Kd5 58. b6 Rc3+ 59. Kg4 Rf7
60. Rd8+ Kc4 61. Rhd6 Kb5 62. h5 Rc4 63. Rd4 Rxd4 64. Rxd4 Kxb6 65. h6 Kc6 66.
f5 Nd7 67. Kg5 Ne5 68. Rd1 0-1

[Event "Mondiale Lampo FIDE 2019"]
[Site "Mosca"]
[Date "29.12.2019"]
[Round "10.64"]
[White "Afanasiev, Nikita"]
[Black "Potkin, Vladimir"]
[Result "1-0"]
[WhiteTitle "IM"]
[BlackTitle "GM"]
[WhiteElo "2517"]
[BlackElo "2583"]
[WhiteFideId "24183555"]
[BlackFideId "4131061"]
[EventDate "2019.12.29"]

1. Nf3 c5 2. c4 Nc6 3. d4 cxd4 4. Nxd4 Nf6 5. Nc3 e6 6. Bf4 d5 7. Ndb5 e5 8.
cxd5 exf4 9. dxc6 bxc6 10. Qxd8+ Kxd8 11. Rd1+ Bd7 12. Nd6 Bxd6 13. Rxd6 Kc7 14.
Rd4 g5 15. g3 c5 16. Rc4 Kb6 17. gxf4 Be6 18. Ra4 Rhg8 19. fxg5 Rxg5 20. h4 Rg4
21. Rxg4 Nxg4 22. f3 Ne3 23. Kf2 Nc4 24. Bg2 Rd8 25. Rc1 Rd2 26. Ke1 Rd4 27. Kf2
Ne5 28. Kg3 Rb4 29. a3 Rd4 30. e3 Rd2 31. Na4+ Kb5 32. Nxc5 Rxb2 33. Bf1+ Bc4
34. Ne4 Bxf1 35. Rxf1 Rb3 36. Rd1 Rxe3 37. Rd5+ Kc6 38. Rxe5 Rxa3 39. Rf5 a5 40.
Rxf7 a4 41. Rxh7 Rb3 42. Ra7 Kb5 43. Rxa4 1-0

[Event "Mondiale Lampo FIDE 2019"]
[Site "Mosca"]
[Date "29.12.2019"]
[Round "10.65"]
[White "Guliyev, Namig"]
[Black "Dragnev, Valentin"]
[Result "1-0"]
[WhiteTitle "GM"]
[BlackTitle "GM"]
[WhiteElo "2548"]
[BlackElo "2553"]
[WhiteFideId "13400363"]
[BlackFideId "1634852"]
[EventDate "2019.12.29"]

1. e4 e5 2. Nf3 d6 3. d4 exd4 4. Nxd4 Nf6 5. Nc3 Be7 6. Bf4 O-O 7. Qd2 d5 8.
exd5 Nxd5 9. Nxd5 Qxd5 10. Nf3 Qxd2+ 11. Nxd2 Bf5 12. O-O-O Nc6 13. c3 Rad8 14.
Bb5 Bd6 15. Bxd6 Rxd6 16. Nc4 Rg6 17. Ne3 Be6 18. Bxc6 bxc6 19. c4 Rf6 20. Rd2
h5 21. h4 g6 22. b3 Kg7 23. Kc2 a5 24. Kb2 Rb8 25. Ka3 Rf4 26. g3 Re4 27. Rhd1
Re5 28. Rd8 Rb7 29. Ra8 g5 30. hxg5 Rxg5 31. Rdd8 Kf6 32. Rab8 Ra7 33. Ra8 Rb7
34. Rdb8 Rxb8 35. Rxb8 Ke7 36. Ra8 h4 37. gxh4 Rh5 38. Ka4 Rxh4 39. Rg8 Rh2 40.
Rg2 Rh5 41. f4 Rh3 42. Re2 Kf6 43. Kxa5 Rf3 44. Kb4 Rxf4 45. Kc5 Bd7 46. Rd2 Ke7
47. a4 Re4 48. Nc2 Re5+ 49. Kd4 Ra5 50. c5 Be6 51. Rd3 f5 52. Ne1 Ra8 53. Kc3
Bd5 54. Rh3 f4 55. Rh7+ Ke6 56. Nd3 f3 57. Rxc7 Rf8 58. Nf2 Rg8 59. Kd4 Rg2 60.
Ke3 Rg1 61. a5 Ra1 62. b4 Ra3+ 63. Kf4 Ra4 64. Rb7 Ra2 65. Kg3 Ra3 66. Rb8 Ke5
67. Rb6 Kd4 68. a6 Kc4 69. Ng4 Ra1 70. Ne3+ Kd4 71. Nxd5 Kxd5 72. Kxf3 Ra3+ 73.
Kf4 Ra1 74. Kg5 Rg1+ 75. Kf6 Rf1+ 76. Ke7 Rh1 77. Rb7 Rh7+ 78. Kd8 Rh8+ 79. Kc7
Ra8 80. a7 1-0

[Event "Mondiale Lampo FIDE 2019"]
[Site "Mosca"]
[Date "29.12.2019"]
[Round "10.66"]
[White "Moiseenko, Vadim"]
[Black "Esipenko, Andrey"]
[Result "0-1"]
[WhiteTitle "GM"]
[BlackTitle "GM"]
[WhiteElo "2526"]
[BlackElo "2642"]
[WhiteFideId "4123700"]
[BlackFideId "24175439"]
[EventDate "2019.12.29"]

1. e4 c6 2. Nc3 d5 3. Nf3 Bg4 4. h3 Bxf3 5. Qxf3 e6 6. g3 g6 7. Bg2 Bg7 8. O-O
Ne7 9. d3 O-O 10. Bg5 h6 11. Bd2 Nd7 12. Qe2 b5 13. exd5 exd5 14. Bf4 Nf5 15.
Rae1 Nc5 16. Qd1 b4 17. Ne2 Bxb2 18. Qb1 Na4 19. Bc1 Bxc1 20. Qxb4 Nb6 21. Nxc1
Qf6 22. Nb3 Rfe8 23. Qa5 Rxe1 24. Rxe1 Qd6 25. Bf3 h5 26. Kg2 Nd7 27. Qd2 Rb8
28. Qg5 Nf6 29. g4 Ng7 30. Qe5 Qxe5 31. Rxe5 hxg4 32. Bxg4 Nxg4 33. hxg4 Ne6 34.
Kf3 Rb4 35. c3 Ra4 36. Re2 Kg7 37. d4 Kf6 38. Ke3 Rc4 39. Kd2 Kg5 40. f3 Kf4 41.
Re3 Ra4 42. Nc1 Kg3 43. Kc2 Kf2 44. Kd2 Ra6 45. Nd3+ Kg3 46. Nb4 Rb6 47. Kc2 Kf4
48. Kd2 Kg3 49. a3 a5 50. Nd3 Rb3 51. Ne5 Rxa3 52. Nxf7 Nf4 53. Ne5 Ra2+ 54. Kc1
Kf2 55. Rd3 0-1

[Event "Mondiale Lampo FIDE 2019"]
[Site "Mosca"]
[Date "29.12.2019"]
[Round "10.67"]
[White "Bologan, Victor"]
[Black "Santos Ruiz, Miguel"]
[Result "0-1"]
[WhiteTitle "GM"]
[BlackTitle "GM"]
[WhiteElo "2574"]
[BlackElo "2585"]
[WhiteFideId "13900048"]
[BlackFideId "22291482"]
[EventDate "2019.12.29"]

1. e4 e5 2. Nf3 Nc6 3. Bc4 Nf6 4. d3 Bc5 5. O-O O-O 6. Nbd2 d6 7. c3 a5 8. h3
Be6 9. Bb5 Bd7 10. Ba4 Ne7 11. d4 exd4 12. cxd4 Ba7 13. Bc2 Ng6 14. Re1 Re8 15.
Nf1 d5 16. e5 Ne4 17. Be3 h6 18. Ng3 Nxg3 19. fxg3 Nf8 20. g4 Rc8 21. Rc1 Qe7
22. Kh1 c5 23. dxc5 Bxc5 24. Bxc5 Rxc5 25. Nd4 Rec8 26. Nb3 R5c7 27. Nxa5 Qb4
28. Nb3 Rxc2 29. Rxc2 Rxc2 0-1

[Event "Mondiale Lampo FIDE 2019"]
[Site "Mosca"]
[Date "29.12.2019"]
[Round "10.69"]
[White "Nozdrachev, Vladislav"]
[Black "Yilmaz, Mustafa"]
[Result "1/2-1/2"]
[WhiteTitle "IM"]
[BlackTitle "GM"]
[WhiteElo "2494"]
[BlackElo "2604"]
[WhiteFideId "24113441"]
[BlackFideId "6302718"]
[EventDate "2019.12.29"]

1. e4 c5 2. Nf3 d6 3. d4 cxd4 4. Nxd4 Nf6 5. Nc3 a6 6. h3 e6 7. g4 Nfd7 8. Bg2
Be7 9. Be3 Nc6 10. h4 O-O 11. g5 Nde5 12. Qe2 Nxd4 13. Bxd4 Nc6 14. Be3 Bd7 15.
O-O Rc8 16. f4 Re8 17. Kh1 b5 18. a3 Na5 19. Bg1 Nc4 20. b3 Nxa3 21. Rxa3 Rxc3
22. Rxa6 Qc7 23. Ra7 Qc8 24. Rc1 Rc7 25. Rxc7 Qxc7 26. Ra1 Bc6 27. Ra7 Qb8 28.
Qe3 Bd8 29. b4 Re7 30. Ra6 Qb7 31. Ra7 Qxa7 32. Qxa7 Rxa7 33. Bxa7 Be7 34. c3 f5
35. exf5 Bxg2+ 36. Kxg2 exf5 37. h5 Kf7 38. Kf3 Ke6 39. Ke3 Kd5 40. Kd3 g6 41.
h6 Bd8 42. Bd4 Bc7 43. Be3 Bd8 44. Bd4 Bc7 45. Be3 Bd8 46. Bd4 Bc7 47. Be3 Bd8
48. Bd4 Bc7 1/2-1/2

[Event "Mondiale Lampo FIDE 2019"]
[Site "Mosca"]
[Date "29.12.2019"]
[Round "10.70"]
[White "Reshetnikov, Alexey"]
[Black "Castellanos Rodriguez, Renier"]
[Result "0-1"]
[WhiteTitle "IM"]
[BlackTitle "IM"]
[WhiteElo "2492"]
[BlackElo "2474"]
[WhiteFideId "4162080"]
[BlackFideId "3404650"]
[EventDate "2019.12.29"]

1. b3 d5 2. Bb2 Bf5 3. e3 e6 4. g3 Nf6 5. Bg2 h6 6. d3 Be7 7. Nd2 O-O 8. Ne2 Bh7
9. O-O c5 10. e4 Nc6 11. e5 Nd7 12. f4 b5 13. Nf3 a5 14. g4 a4 15. Rb1 Qc7 16.
Ng3 axb3 17. axb3 Ra2 18. Kh1 c4 19. bxc4 bxc4 20. Re1 cxd3 21. cxd3 Nc5 22. f5
Rb8 23. Ba1 Rba8 24. Rc1 Qb6 25. Rb1 Qa6 26. Bf1 Qa4 27. Qxa4 Nxa4 28. Rec1 Nb4
29. d4 Bf8 30. h3 Nb6 31. Bc3 R8a4 32. Ra1 Nc4 33. Rxa2 Rxa2 34. Ra1 Rxa1 35.
Bxa1 Nc2 36. Bc3 N2e3 37. Bd3 Be7 38. Kg1 Bd8 39. Nf1 exf5 40. Nxe3 Nxe3 41.
gxf5 Bxf5 42. Bxf5 Nxf5 43. Kf2 Bb6 44. Ke2 g5 45. Kd3 Kg7 46. Nd2 Kg6 47. Nb3
h5 48. Nc5 Bxc5 49. dxc5 Ne7 50. Bd2 Nc6 51. Be1 Kf5 52. Bg3 h4 53. Bh2 d4 54.
Kc4 Ke4 55. Kb5 Kd5 56. Bg1 d3 57. Be3 g4 58. hxg4 h3 59. e6 fxe6 60. g5 h2 0-1

[Event "Mondiale Lampo FIDE 2019"]
[Site "Mosca"]
[Date "29.12.2019"]
[Round "10.71"]
[White "Novikov, Stanislav"]
[Black "Laznicka, Viktor"]
[Result "0-1"]
[WhiteTitle "GM"]
[BlackTitle "GM"]
[WhiteElo "2531"]
[BlackElo "2648"]
[WhiteFideId "4125371"]
[BlackFideId "316385"]
[EventDate "2019.12.29"]

1. e4 d5 2. exd5 Qxd5 3. Nc3 Qa5 4. d4 Nf6 5. Nf3 Bf5 6. Bd3 Bxd3 7. Qxd3 e6 8.
O-O c6 9. Ne4 Nbd7 10. Nxf6+ Nxf6 11. Bg5 Be7 12. c3 O-O 13. a4 Rfd8 14. b4 Qc7
15. Qe2 a5 16. b5 h6 17. Bxf6 Bxf6 18. bxc6 bxc6 19. Qc4 Rac8 20. Rab1 c5 21.
Rb5 Rd5 22. Rfb1 Qd8 23. Rxc5 Rcxc5 24. dxc5 Rd1+ 25. Rxd1 Qxd1+ 26. Qf1 Qxa4
27. h4 Qc6 28. Qc4 Be7 29. Nd4 Qxc5 30. Qa4 Bxh4 31. Qe8+ Qf8 32. Qa4 Bd8 33.
Nc6 Bb6 34. Kf1 Qc5 35. Nd4 Qxc3 36. Qe8+ Kh7 37. Nf3 Qc1+ 38. Ne1 Qc4+ 39. Kg1
Qe2 0-1

[Event "Mondiale Lampo FIDE 2019"]
[Site "Mosca"]
[Date "29.12.2019"]
[Round "10.72"]
[White "Potapov, Pavel"]
[Black "Krsnik Cohar, Ivan Vihor"]
[Result "1-0"]
[WhiteTitle "GM"]
[BlackTitle "FM"]
[WhiteElo "2482"]
[BlackElo "2313"]
[WhiteFideId "4169786"]
[BlackFideId "14520044"]
[EventDate "2019.12.29"]

1. e4 c6 2. d4 d5 3. e5 Bf5 4. h4 h5 5. Bd3 Bxd3 6. Qxd3 Qa5+ 7. Nd2 e6 8. Nf3
Qa6 9. c4 Ne7 10. O-O Nd7 11. b3 c5 12. Bb2 Nc6 13. dxc5 Bxc5 14. Qc2 d4 15. Ne4
Qb6 16. Rad1 O-O 17. Nxc5 Qxc5 18. Rfe1 Nb4 19. Qe4 d3 20. a3 Nc2 21. Rf1 Nxa3
22. Qxd3 Nb6 23. b4 Qxb4 24. Bxa3 1-0

[Event "Mondiale Lampo FIDE 2019"]
[Site "Mosca"]
[Date "29.12.2019"]
[Round "10.73"]
[White "Suleymanli, Aydin"]
[Black "Piorun, Kacper"]
[Result "1-0"]
[WhiteTitle "IM"]
[BlackTitle "GM"]
[WhiteElo "2473"]
[BlackElo "2611"]
[WhiteFideId "13413937"]
[BlackFideId "1130420"]
[EventDate "2019.12.29"]

1. d4 d5 2. Nf3 Nf6 3. Bf4 e6 4. e3 c5 5. c3 Nc6 6. Nbd2 Bd6 7. Bg3 O-O 8. Bb5
a6 9. Bd3 b6 10. e4 Be7 11. e5 Nh5 12. Ng5 Bxg5 13. Qxh5 g6 14. Qe2 f5 15. f4
Be7 16. Bf2 cxd4 17. Bxd4 Nxd4 18. cxd4 a5 19. O-O Ra7 20. Rac1 g5 21. g4 gxf4
22. gxf5 exf5 23. Kh1 Kh8 24. Rg1 Be6 25. Qh5 Bb4 26. Nf3 Qe8 27. Qh6 Rg8 28.
Qf6+ Rag7 29. Rc7 Bf8 30. a4 Qh5 31. Be2 Qe8 32. Rg5 Be7 33. Rxg7 Rxg7 34. Qxe6
Qxa4 35. Rc8+ 1-0

[Event "Mondiale Lampo FIDE 2019"]
[Site "Mosca"]
[Date "29.12.2019"]
[Round "10.74"]
[White "Andriasian, Zaven"]
[Black "Vishnu Prasanna, V"]
[Result "1-0"]
[WhiteTitle "GM"]
[BlackTitle "GM"]
[WhiteElo "2611"]
[BlackElo "2493"]
[WhiteFideId "13302000"]
[BlackFideId "5030692"]
[EventDate "2019.12.29"]

1. e4 c5 2. Nc3 d6 3. f4 g6 4. Nf3 Bg7 5. Bb5+ Bd7 6. Bxd7+ Qxd7 7. O-O Nc6 8.
d3 e6 9. Be3 Nge7 10. Qe1 O-O 11. Qh4 f5 12. Rae1 h6 13. Kh1 b6 14. Bc1 Nd4 15.
Rf2 Rae8 16. Qg3 Kh7 17. h3 Nxf3 18. gxf3 Bf6 19. Rg2 Rg8 20. Qf2 Nc6 21. Ne2
Qd8 22. Reg1 Bh4 23. Qf1 Qf6 24. c3 d5 25. Be3 Qd8 26. Bf2 Rg7 27. Qe1 Bxf2 28.
Qxf2 dxe4 29. dxe4 Qd3 30. Ng3 Rf8 31. e5 Ne7 32. Nh5 Rgf7 33. Nf6+ Rxf6 34.
exf6 Rxf6 35. Re1 Nd5 36. Qg3 Qc4 37. Rd2 h5 38. Kh2 a5 39. h4 Kg7 40. Qg5 Qxf4+
41. Qxf4 Nxf4 42. Rd6 c4 43. Rxb6 Rf8 44. Kg3 Nd5 45. Rbxe6 f4+ 46. Kf2 Ne3 47.
Rg1 1-0

[Event "Mondiale Lampo FIDE 2019"]
[Site "Mosca"]
[Date "29.12.2019"]
[Round "10.75"]
[White "Sjugirov, Sanan"]
[Black "Makarian, Rudik"]
[Result "1-0"]
[WhiteTitle "GM"]
[BlackTitle "IM"]
[WhiteElo "2665"]
[BlackElo "2397"]
[WhiteFideId "4189302"]
[BlackFideId "44105681"]
[EventDate "2019.12.29"]

1. e4 c5 2. Nf3 d6 3. d4 cxd4 4. Nxd4 Nf6 5. Nc3 a6 6. Be3 e5 7. Nf3 Be7 8. Bc4
O-O 9. O-O b5 10. Bd5 b4 11. Na4 Nxd5 12. Qxd5 Bd7 13. Qxa8 Bxa4 14. Qd5 Bc6 15.
Qd2 Bxe4 16. Qxb4 d5 17. Qb6 d4 18. Qxd8 Rxd8 19. Bd2 f6 20. c3 Nc6 21. Rfe1
Bxf3 22. gxf3 Kf7 23. Kg2 g5 24. Rad1 Rb8 25. b3 Bc5 26. cxd4 Nxd4 27. Be3 a5
28. Rc1 Bb6 29. Rc4 Ne6 30. Rd1 Bd4 31. Rd2 Rb5 32. Rdc2 Kg6 33. Rc6 Kf5 34. Ra6
e4 35. fxe4+ Ke5 36. Rxe6+ 1-0